000 01487nam0a2200325 i 4500
001 RU\NLR\BIBL_A\010795254
005 20260406095929.0
010 _a9785000452295
_9300
021 _aRU
_b2015-40851
_92430
035 _a(NILC)RuMoRGB-007945890
035 _a(NLR Aleph) 010795254
090 _a10133005
_c10133005
100 _a20150630d2015 k y0rusy50 ca
101 0 _arus
102 _aRU
105 _aa z 000yy
200 1 _aПредпринимательство и туристика: наука и руководство к действию
_fА. Б. Крутик
_gМеждунар. турист. акад., Санкт-Петербургская общественная орг. "Ассоц. работников туристско-экскурсионных предприятий"
210 _aСанкт-Петербург
_cАстерион
_d2015
215 _a234 с.
_cил.
_d21
300 _aНа 4-й с. обл. авт.: Крутик А.Б., д.э.н., проф., Засл. деят. науки Рос. Федерации
320 _aБиблиогр.: с. 230-233
606 1 _aПредпринимательство
_91161265
_3RU\NLR\AUTH\66147005
610 0 _aтуристика
686 1 _aУ5-13
700 1 _8rus
_7ca
_aКрутик
_bА. Б.
_f1945-
_gАлександр Борисович
_3RU\NLR\AUTH\7774487
_957415
801 0 _aRU
_bРГБ
_c20150603
_gRCR
942 _cBOOK
980 _aNBR